Croniche degli ordini institviti dal p.s. Francesco parte qvarta. (Record no. 8217)

MARC details
000 -CABECERA
campo de control de longitud fija 01266nam a2200277 a 4500
001 - NÚMERO DE CONTROL
campo de control BRCA_8554
005 - FECHA Y HORA DE LA ÚLTIMA TRANSACCIÓN
campo de control 20190320210328.0
008 - DATOS DE LONGITUD FIJA--INFORMACIÓN GENERAL
campo de control de longitud fija 160816s1680----it-#######---#000-0#ita-#
041 ## - CÓDIGO DE LENGUA
Código de lengua del texto/banda sonora o título independiente it
044 ## - CÓDIGO DEL PAÍS DE LA ENTIDAD EDITORA/PRODUCTORA
Código MARC del país ita
050 #4 - SIGNATURA TOPOGRÁFICA DE LA BIBLIOTECA DEL CONGRESO
Número de clasificación BX2890
Número de documento/Ítem .C76
-- 1680
245 10 - MENCIÓN DE TÍTULO
Título Croniche degli ordini institviti dal p.s. Francesco parte qvarta.
260 ## - PUBLICACIÓN, DISTRIBUCIÓN, ETC.
Lugar de publicación, distribución, etc. Napoli
Nombre del editor, distribuidor, etc. Nouello de bonis stampatore arciu
Fecha de publicación, distribución, etc. 1680
300 ## - DESCRIPCIÓN FÍSICA
Extensión T. III, 909 p.
Dimensiones 22 cm
500 ## - NOTA GENERAL
Nota general Fondo antiguo
500 ## - NOTA GENERAL
Nota general Se encuentra en Caja Fuerte
500 ## - NOTA GENERAL
Nota general 12-39
500 ## - NOTA GENERAL
Nota general Con dedicatoria: al piv preggiable beato del minoritico ordine giacomo della marca
500 ## - NOTA GENERAL
Nota general Incluye 2 grabados que se localizan después del índice y la anteportada
500 ## - NOTA GENERAL
Nota general Nota de encuadernación: piel con dorados, edición de cantos dorados
505 0# - NOTA DE CONTENIDO CON FORMATO
Nota de contenido con formato Che contiene levite, marti, miracoli edaltri fatti agregij di molti eccellenti religiosi e religiose, che illustri, ed in vita ed morte, nel serafico ordine santamente splendettero. Raccolto principalmente dal M.R.P. Bartolomeo Cimarelli, e dalti aupprobati, e veridichi
506 0# - NOTA DE RESTRICCIONES AL ACCESO
Limitaciones de acceso Fondo reservado: para su consulta es necesario credencial de usuario y carta de motivos
650 14 - PUNTO DE ACCESO ADICIONAL DE MATERIA--TÉRMINO DE MATERIA
Término de materia o nombre geográfico como elemento de entrada Franciscanos
Término indicativo de función/relación Historia
9 (RLIN) 21434
902 ## - CATALOGADOR
Iniciales LAR
942 ## - ELEMENTOS DE PUNTO DE ACCESO ADICIONAL (KOHA)
Fuente del sistema de clasificación o colocación Library of Congress Classification
Tipo de ítem Koha Libros
Holdings
Estado de retiro Estado de pérdida Estado dañado No para préstamo Localización permanente Ubicación/localización actual Fecha de adquisición Total de préstamos Signatura topográfica completa Código de barras Fecha visto por última vez Precio válido a partir de Tipo de ítem Koha
El ejemplar forma parte de la colección y puede ser consultado según las políticas vigentes.       Biblioteca del Museo Franz Mayer (Rogerio Casas-Alatriste) Biblioteca del Museo Franz Mayer (Rogerio Casas-Alatriste) 16/08/2016   BX2890 .C76 1680 LAR00057 22/03/2019 22/03/2019 Libros